Every FBS National Championship Game-Winning QB - Statistics

General Stats
  • This quiz has been taken 5 times
  • The average score is 13 of 28
Answer Stats
Year School Quarterback % Correct
2005 Texas Vince Young
100%
2025 Indiana Fernando Mendoza
80%
2019 LSU Joe Burrow
80%
2004 USC Matt Leinart
80%
2010 Auburn Cam Newton
60%
2017 Alabama Jalen Hurts
60%
2013 Florida State Jameis Winston
60%
2023 Michigan JJ McCarthy
60%
1998 Tennessee Tee Martin
60%
2008 Florida Tim Tebow
60%
2018 Clemson Trevor Lawrence
60%
2024 Ohio State Will Howard
60%
2011 Alabama AJ McCarron
40%
2012 Alabama AJ McCarron
40%
2014 Ohio State Cardale Jones
40%
2006 Florida Chris Leak
40%
1999 Florida State Chris Weinke
40%
2016 Clemson Deshaun Watson
40%
2009 Alabama Greg McElroy
40%
2001 Miami Ken Dorsey
40%
2020 Alabama Mac Jones
40%
2007 LSU Matt Flynn
40%
2021 Georgia Stetson Bennett
40%
2022 Georgia Stetson Bennett
40%
2000 Oklahoma Josh Heupel
20%
2003 LSU Matt Mauck
20%
2002 Ohio State Craig Krenzel
0%
2015 Alabama Jake Coker
0%
No matching quizzes found
Score Distribution
Percent of People with Each Score
Percentile by Number Answered
Your Score History
You have not taken this quiz